000 01025cam a2200289 4500
008 090401t1994 xxu||||| |||| 00| 0 eng d
020 _a1874266107
035 _a(Sirsi) u48726
041 _aeng
050 _a624.1513
110 _aInstitution of Structural Engineers
_9441
245 _aSubsidence of low rise buildings.
260 _aLondon
_bInstitution of Structural Engineers
_c1994
300 _a106p. : ill. ; 30cm.
350 _a20
520 _aA guide for consulting engineers, building surveyors, contractors, insurers, mortgage lenders, property valuers, loss adjusters and local authorities. Produced by a task group of interested parties chaired by Brian Clancy.
650 _aCERTIFICATE OF STRUCTURAL ADEQUACY
650 _aInsurance
_96249
650 _aLOW RISE BUILDINGS
650 _aMINING SUBSIDENCE
650 _aMORTGAGES
650 _aREMEDIAL WORKS
690 _aBUILT ENVIRONMENT-BUILDING PATHOLOGY
700 _aClancy, B.P.
_xChairman
942 _n0
948 _c04/03/1997
999 _c92397
_d92397